Mentoring (Record no. 885591)

MARC details
000 -LEADER
fixed length control field 00247nam a2200109Ia 4500
008 - FIXED-LENGTH DATA ELEMENTS--GENERAL INFORMATION
fixed length control field 231011s9999 xx 000 0 und d
041 ## - LANGUAGE CODE
Language code of text/sound track or separate title eng
100 ## - MAIN ENTRY--PERSONAL NAME
Personal name R.Hamilton
245 ## - TITLE STATEMENT
Title Mentoring
260 ## - PUBLICATION, DISTRIBUTION, ETC.
Name of publisher, distributor, etc. Sterling Pub Ltd ,NewDelhi -
365 ## - TRADE PRICE
Price amount 95

No items available.